000 00750nam a22001937a 4500
999 _c371106
_d371106
008 201127b ||||| |||| 00| 0 eng d
040 _aDE-2950
_bger
_cDE-2950
_erda
041 _ager
100 _aGutke, Thomas:
245 _aInzidenz so hoch wie noch nie.
_bPandemie: Der ungebremste Anstieg der Fallzahlen in Frankfurt hält an. Auch im Klinikum füllen sich die Betten wieder mit Corona-Patienten /
_cThomas Gutke
264 _c2021
653 _aFrankfurt (Oder)
653 _aPandemie / Corona
773 _dFrankfurt (Oder) Märkisches Verlags- und Druckhaus GmbH & Co KG
_tMärkische Oderzeitung
_g32. Jahrgang (2021) Nr. 264 vom 11.11.2021, S. 13
942 _cA